Política social para la infancia y protección integral /

Αποθηκεύτηκε σε:
Λεπτομέρειες βιβλιογραφικής εγγραφής
Κύριος συγγραφέας: García Méndez, Emilio
Μορφή: Κείμενο
Θέματα:
Ετικέτες: Προσθήκη ετικέτας
Δεν υπάρχουν, Καταχωρήστε ετικέτα πρώτοι!

MARC

LEADER 00000 a a2200000 04500
001 7394
003
040
100 |a García Méndez, Emilio  
245 |a Política social para la infancia y protección integral /  |c Emilio García Méndez 
650 |a POLITICA SOCIAL  
650 |a INFANCIA  
650 |a DERECHOS DEL NIÑO  
650 |a ACUERDOS INTERNACIONALES  
650 |a DEMOCRACIA  
650 |a ESTADO  
650 |a POLITICA GUBERNAMENTAL  
773 |g número 10; páginas 4-14  
999 |c 38354  |d 38354 
773 0 |0 44502  |9 7733  |a Fundación Friedrich Ebert  |o 23667  |t Espacios